Statistiken für Fußballspieler nach Hinweisen

Klicken Sie hier um das Quiz zu spielen!

Allgemein

  • Dieses Quiz wurde 907 mal gespielt
  • Das Durchschnittsergebnis liegt bei 5 aus 10

Antwortstatistiken

HinweisSpieler% Korrekt
kehrte 2019 zurückMats Hummels
75%
teuerster Abgang der BVB-GeschichteOusmane Dembélé
73%
2013 | 37 Mio.Mario Götze
69%
wechselte nach ArsenalPierre-Emerick Aubameyang
64%
schwedischer NationalspielerAlexander Isak
55%
der BVB kaufte ihn von Manchester United zurückShinji Kagawa
49%
armenischer NationalspielerHenrikh Mkhitaryan
48%
2019 | 64 Mio.Christian Pulisic
30%
spielte in Deutschland außerdem für Bayern und WolfsburgIvan Perišić
26%
Profikarriere 2021 beim BVB beendetŁukasz Piszczek
24%

Verteilung der Resultate

Perzentil nach korrekt beantworteten Fragen

Anzahl Personen mit jedem Resultat

Ihre Resultats-Entwicklung

Sie haben dieses Quiz noch nicht gespielt